000 00538cam a22001217a 4500
008 180718b1953 xxu||||| |||| 00| 0 eng d
082 _aB18x5442 L887
100 _aLarenzo, A. M.
245 _aThe drink problem in Urban Bombay (an inquiry into the social and economic aspects of drinking in Urban centres of Bombay state): report
_cby A. M. Larenzo
260 _aBombay
_bDepartment of Social Sciences, Institute of Social Sciences
_c1953
300 _a138+p.
700 _aBombay. Institute of Social Sciences. Department of Social Sciences
999 _c390928
_d390928